书目信息 |
| 题名: |
国内外通用技术手册
|
|
| 作者: | 王永发 主编 | |
| 分册: | ||
| 出版信息: | 南京 江苏科学技术出版社 2005.09 |
|
| 页数: | 1282页 | |
| 开本: | 20cm | |
| 丛书名: | ||
| 单 册: | ||
| 中图分类: | TB4-62 | |
| 科图分类: | ||
| 主题词: | 通用技术--技术手册--通用 , 工业--设备--通用性 | |
| 电子资源: | ||
| ISBN: | 7-5345-4467-X | |
| 000 | 00778nam0 2200217 450 | |
| 001 | 0653730469 | |
| 005 | 20061010151220.45 | |
| 010 | @a7-5345-4467-X@dCNY 78.00 | |
| 100 | @a20060818d2005 km y0chiy0120 ea | |
| 101 | 0 | @achi |
| 102 | @aCN@b320000 | |
| 200 | 1 | @a国内外通用技术手册@Aguo nei wai tong yong ji shu shou ce@e编校、检测、外贸及各行业工程师便览@f主编王永发等@Fzhu bian wang yong fa deng |
| 210 | @a南京@c江苏科学技术出版社@d2005.09 | |
| 215 | @a1282页@d20cm | |
| 517 | 1 | @a编校、检测、外贸及各行业工程师便览@Abian xiao、jian ce、wai mao ji ge hang ye gong cheng shi bian lan |
| 606 | 0 | @a通用技术@x技术手册@x通用 |
| 606 | 0 | @a工业@x设备@x通用性 |
| 690 | @aTB4-62@v4 | |
| 701 | 0 | @a王永发@Awang yong fa@4主编 |
| 801 | @aCN@c20061010 | |
| 905 | @a10447@dTB4-62@eW431 | |
| 国内外通用技术手册:编校、检测、外贸及各行业工程师便览/主编王永发等.-南京:江苏科学技术出版社,2005.09 |
| 1282页;20cm |
| ISBN 7-5345-4467-X:CNY 78.00 |
| ● |
| 相关链接 |
|
|
|
正题名:国内外通用技术手册
索取号:TB4-62/W431
 
预约/预借
| 序号 | 登录号 | 条形码 | 馆藏地/架位号 | 状态 | 备注 |
| 1 | 609084 | 206090843 | 自科二线400A/400A自科库 31排2列4层/ [索取号:TB4-62/W431] | 在馆 | |
| 2 | 609085 | 206090852 | 自科库501/504自科库 12排2列3层/ [索取号:TB4-62/W431] | 在馆 |